| 000 | 00558cam a2200217 4500 | ||
|---|---|---|---|
| 001 | E2086 | ||
| 008 | 090401t xxu||||| |||| 00| 0 eng d | ||
| 035 | _a(Sirsi) u37474 | ||
| 041 | _aeng | ||
| 050 | _a333.33 | ||
| 110 |
_aRichard Ellis _91875 |
||
| 245 | _aGlasgow market bulletin. - First quarter - Fourth quarter 1994 | ||
| 260 |
_aLondon _bRichard Ellis _c1994-95 |
||
| 300 | _a4 pt. ; 30cm. | ||
| 350 | _a0 | ||
| 650 | _aFLOORSPACE STATISTICS | ||
| 650 | _aOFFICES | ||
| 690 | _aPROPERTY-COMMERCIAL PROPERTY | ||
| 942 | _n0 | ||
| 948 | _c04/03/1997 | ||
| 999 |
_c90484 _d90484 |
||